[Event "Ch URS (match-tournament)"]
[Site "masterchessopen.com Moscow/Leningrad (Russia)"]
[Round "0"]
[White "Keres Paul (EST)"]
[Black "Botvinnik Mikhail M (RUS)"]
[Result "0-1"]
[WhiteElo "2580"]
[BlackElo "2630"]

1.d4 Nf6 2.c4 e6 3.Nc3 Bb4 4.Qc2 d5 5.cxd5 exd5 6.Bg5 h6 7.Bh4 c5 8.O-O-O { ?
} 8...Bxc3 { ! } ( 8...O-O 9.dxc5 Bxc3 10.Qxc3 { ? } ) 9.Qxc3 g5 { ! } 10.Bg3
cxd4 11.Qxd4 Nc6 12.Qa4 Bf5 { ? } 13.e3 ( { ? } 13.f3 Qb6 14.e4 dxe4 15.Kb1 {
? } ) 13...Rc8 14.Bd3 Qd7 15.Kb1 Bxd3+ 16.Rxd3 Qf5 { ?/??+ } 17.e4 Nxe4 18.Ka1
O-O 19.Rd1 b5 { ! } 20.Qxb5 Nd4 21.Qd3 Nc2+ 22.Kb1 Nb4 {#R} 0-1

[Event "It"]
[Site "masterchessopen.com Hollywood (USA)"]
[Round "0"]
[White "Reshevsky Samuel H (USA)"]
[Black "Araiza Munoz Jose Joaquin (MEX)"]
[Result "1-0"]
[WhiteElo "2430"]
[BlackElo "2078"]

1.d4 Nf6 2.c4 e6 3.Nc3 Bb4 4.Qc2 d5 5.cxd5 exd5 6.Bg5 h6 7.Bxf6 Qxf6 8.a3
Bxc3+ 9.Qxc3 Nc6 10.e3 a6 11.Qc5 Qd6 12.Qxd6 cxd6 13.Ne2 Bd7 14.Nf4 Ne7 15.Rc1
Bc6 16.Bd3 O-O 17.h4 g6 18.Kd2 Rac8 19.Be2 Ba4 20.Bf3 Bb3 21.Rc3 Rxc3 22.Kxc3
Ba4 23.Nxd5 Nxd5+ 24.Bxd5 b6 25.Kb4 Bd7 26.Rc1 Rc8 27.Rxc8+ Bxc8 28.a4 Kf8
29.a5 b5 30.e4 f6 31.e5 Ke7 32.f4 g5 33.fxg5 fxg5 34.hxg5 hxg5 35.Kc3 Kd7
36.Kd3 Kc7 37.e6 Kd8 38.Ke4 Ke7 39.Kf5 g4 40.g3 {#r} 1-0

[Event "It"]
[Site "masterchessopen.com Groningen (Netherlands)"]
[Round "19"]
[White "Najdorf Miguel (POL)"]
[Black "Botvinnik Mikhail M (RUS)"]
[Result "1-0"]
[WhiteElo "2445"]
[BlackElo "2630"]

1.d4 e6 2.c4 Nf6 3.Nc3 Bb4 4.Qc2 d5 5.cxd5 exd5 6.a3 { !? } ( 6.Bg5 )
6...Bxc3+ ( 6...Be7 ) ( 6...Bd6 { ?! } 7.Nb5 ) 7.bxc3 c5 8.Nf3 Qa5 9.Nd2 Bd7
10.Nb3 Qa4 11.Qb2 Na6 12.e3 c4 ( { ? } 12...cxd4 ) 13.Nd2 O-O 14.Be2 b5 15.Bd1
Qa5 16.Bc2 Rfe8 17.O-O Rab8 18.Nf3 { ! } ( 18.f3 Rxe3 19.Ne4 ( 19.Nxc4 { ? }
19...bxc4 { ??+ } ) 19...Nxe4 { ! } 20.Bxe3 Nxc3 { ? } 21.Bd2 Ne2+ 22.Kh1 c3 {
! } ) 18...Qc7 19.Ne5 Be6 20.f3 Nc5 21.Bd2 Na4 { ? } ( 21...Ncd7 { ? } 22.Nxd7
Bxd7 23.Rae1 Bc6 24.Qb1 Qb7 ) 22.Qb1 Rb6 23.Qe1 Nd7 24.Qh4 Nf8 25.e4 { ! }
25...f6 26.Ng4 Ng6 27.Qh5 Qf7 28.Rae1 Rbb8 29.Ne3 Ne7 { ? } ( 29...Nf4 { ? }
30.Qxf7+ ) ( 29...Rbd8 { ? } 30.exd5 Bxd5 31.Nxd5 Rxe1 32.Nxf6+ { +?? } ) (
29...Nb6 { !? } 30.f4 Ne7 ) 30.Qh4 f5 31.g4 { ! } 31...f4 ( 31...g6 32.exf5
gxf5 33.gxf5 { +?? } 33...Nxf5 ( 33...Bxf5 34.Bxf5 Nxf5 35.Qg5+ Ng7 36.Nxd5 )
34.Bxf5 Bxf5 35.Qg5+ Bg6 36.Nxd5 ) 32.exd5 { ! } 32...Ng6 33.dxe6 Rxe6 34.Bxg6
hxg6 35.Ng2 Rbe8 36.Rxe6 Rxe6 37.Nxf4 Rf6 38.Qg5 Nxc3 39.Bxc3 Rxf4 40.Kg2 {#r}
1-0

[Event "Ch Hungary"]
[Site "masterchessopen.com Hungary"]
[Round "0"]
[White "Szilagyi Gyorgy (HUN)"]
[Black "Szabo Laszlo (HUN)"]
[Result "0-1"]
[WhiteElo "2370"]
[BlackElo "1903"]

1.d4 Nf6 2.c4 e6 3.Nc3 Bb4 4.Qc2 d5 5.cxd5 exd5 6.Nf3 c5 7.e3 Nc6 8.dxc5 O-O
9.Be2 Bxc5 10.O-O Qe7 11.Bd2 Bg4 12.Rac1 Bb6 13.Na4 Bc7 14.Nc5 Rac8 15.h3 Bxf3
16.Bxf3 Ne5 17.Qb3 Qd6 18.Rfd1 Nxf3+ 19.gxf3 Qh2+ 20.Kf1 Nh5 21.Qxd5 Qxh3+
22.Ke2 Rcd8 {#R} 0-1

[Event "It"]
[Site "masterchessopen.com Mar del Plata (Argentina)"]
[Round "0"]
[White "Najdorf Miguel (POL)"]
[Black "Carvalho Flavio"]
[Result "1-0"]
[WhiteElo "2445"]
[BlackElo "2260"]

1.d4 Nf6 2.c4 e6 3.Nc3 Bb4 4.Qc2 d5 5.cxd5 exd5 6.Bg5 h6 7.Bh4 c5 8.dxc5 Nc6
9.e3 g5 10.Bg3 Ne4 11.Bd3 Bxc3+ 12.bxc3 Nxc5 13.Nf3 Qf6 14.O-O O-O 15.Bh7+ Kh8
16.Nd4 Qg7 17.Bf5 Ne6 18.Rab1 Kg8 19.f4 Nexd4 20.cxd4 Ne7 21.Bd3 b6 22.fxg5
hxg5 23.Bd6 f6 24.Qc7 Rf7 25.Qd8+ Qf8 26.Bxe7 Rxe7 27.Qxf8+ {#r} 1-0

[Event "Olympiad"]
[Site "masterchessopen.com Amsterdam (Netherlands)"]
[Round "2"]
[White "O'kelly De Galway Alberic (BEL)"]
[Black "Szabo Laszlo (HUN)"]
[Result "0-1"]
[WhiteElo "2460"]
[BlackElo "1903"]

1.d4 Nf6 2.c4 e6 3.Nc3 Bb4 4.Qc2 d5 5.cxd5 exd5 6.Bg5 h6 7.Bxf6 Qxf6 8.e3 O-O
9.a3 Bf5 10.Bd3 Bxc3+ 11.Qxc3 Bxd3 12.Qxd3 Qg5 13.g3 Nd7 14.Nh3 Qg4 15.Nf4 Nf6
16.Qe2 Qf5 17.Rc1 c6 18.Qc2 Qd7 19.O-O Rfe8 20.Nd3 Re7 21.b4 Rae8 22.a4 h5
23.Qe2 Qf5 24.b5 cxb5 25.axb5 h4 26.Ne5 Nd7 27.g4 Qe6 28.Nxd7 Qxd7 29.h3 Re4
30.Qf3 Qxb5 31.Rc7 Rf8 32.Qf5 g6 33.Qd7 Qe2 34.Qxd5 Rxe3 35.Qg2 Rb3 36.Rxb7
Rxb7 37.Qxb7 Qd3 38.Qxa7 Qxh3 39.f3 Qg3+ 40.Kh1 Qh3+ 41.Kg1 Qg3+ 42.Kh1 Re8
43.Qa2 Re1 44.Qg2 Qxg2+ 45.Kxg2 {#R} 0-1

[Event "Tournament (team)"]
[Site "masterchessopen.com Leningrad (Russia)"]
[Round "0"]
[White "Vladimirov Boris T (RUS)"]
[Black "Genin A (RUS)"]
[Result "0-1"]
[WhiteElo "2340"]
[BlackElo "2300"]

1.d4 Nf6 2.c4 e6 3.Nc3 Bb4 4.Qc2 d5 5.cxd5 exd5 6.Bg5 O-O 7.e3 c6 8.Bd3 h6
9.Bh4 Re8 10.Nf3 Be7 11.Bg3 Nbd7 12.O-O-O Qa5 13.Nd2 b5 14.Kb1 Qb6 15.Bf4 Ba6
16.Bf5 b4 17.Na4 Qa5 18.Rc1 b3 19.axb3 Bb4 20.Nc3 c5 21.g4 Rac8 22.g5 hxg5
23.Bxg5 cxd4 24.exd4 Rc6 25.Rhg1 Nf8 26.Rg3 Nh5 27.Rh3 g6 28.Bg4 Bc8 29.Rg1
Bxg4 {#R} 0-1

[Event "Ch Great Britain"]
[Site "masterchessopen.com Rhyl (England)"]
[Round "3"]
[White "Clarke Peter H (ENG)"]
[Black "Wade Robert G (ENG)"]
[Result "1-0"]
[WhiteElo "2300"]
[BlackElo "2148"]

1.d4 Nf6 2.c4 e6 3.Nc3 Bb4 4.Qc2 d5 5.cxd5 exd5 6.Bg5 h6 7.Bxf6 Qxf6 8.a3
Bxc3+ 9.Qxc3 O-O 10.e3 c6 11.Nf3 Bf5 12.Be2 Nd7 13.O-O Be4 14.Nd2 Qg6 15.Nxe4
Qxe4 16.b4 f5 17.b5 Rf6 18.Bf3 Qe7 19.bxc6 bxc6 20.a4 Nf8 21.Rab1 Nh7 22.Qb4
Qe8 23.g3 Ng5 24.Bg2 Ne4 25.Rb2 Nd6 26.Qc5 Qd7 27.Bxd5+ Nf7 28.Bg2 f4 29.exf4
Rd8 30.Rd1 Rd6 31.Rbd2 g5 32.fxg5 Nxg5 33.d5 Qg4 34.Qe3 c5 35.f4 Nh3+ 36.Kh1
c4 37.Qe2 Qc8 38.Qf1 c3 39.Bxh3 Qc5 40.Rc2 {#r} 1-0

[Event "?"]
[Site "masterchessopen.com Krasnodar (Russia)"]
[Round "0"]
[White "Doroshkievich Vladimir K (RUS)"]
[Black "Donchenko Anatoly G (GER)"]
[Result "1-0"]
[WhiteElo "2420"]
[BlackElo "2385"]

1.d4 Nf6 2.c4 e6 3.Nc3 Bb4 4.Qc2 d5 5.cxd5 exd5 6.Bg5 c6 7.e3 Nbd7 8.Bd3 Nf8
9.Nf3 Ne6 10.Bh4 g6 11.O-O-O Be7 12.h3 O-O 13.g4 c5 14.dxc5 Nxc5 15.Bc4 Be6
16.Bxf6 Bxf6 17.Nxd5 Rc8 18.Kb1 b5 19.Nxf6+ Qxf6 20.Bxe6 fxe6 21.Nd4 a6 22.Rc1
Kh8 23.b4 e5 24.Nf5 gxf5 25.bxc5 e4 26.c6 Rc7 27.gxf5 Qxf5 28.Rhd1 Qxf2
29.Qxf2 Rxf2 30.Rd7 Rc8 {#r} 1-0

[Event "It"]
[Site "masterchessopen.com St.Maxime (France)"]
[Round "6"]
[White "Haik Aldo (FRA)"]
[Black "Cvetkovic Srdjan (SRB)"]
[Result "0-1"]
[WhiteElo "2440"]
[BlackElo "2430"]

1.d4 Nf6 2.c4 e6 3.Nc3 Bb4 4.Qc2 d5 5.cxd5 exd5 6.Bg5 c5 7.O-O-O Bxc3 8.Qxc3
cxd4 9.Qxd4 Nc6 10.Bxf6 gxf6 11.Qc5 Qb6 12.Qxb6 axb6 13.a3 Bf5 14.Rxd5 Rc8
15.Kd1 Be6 16.Rd3 Ne5 17.e3 Nxd3 18.Bxd3 Bd5 19.Ne2 Bxg2 20.Rg1 Bf3 21.Kd2
Bxe2 22.Kxe2 Ke7 23.Rg4 Rc6 24.Rb4 Rd6 25.Be4 h6 26.Bxb7 Rg8 27.h4 Rg1 28.Rb5
Rgd1 29.Kf3 R6d2 30.Rxb6 Rf1 31.b3 Rdxf2+ 32.Ke4 f5+ 33.Kd3 Rd1+ 34.Kc4 f4
35.exf4 Rxf4+ 36.Kc5 Rf5+ 37.Kc4 Rd6 38.Bc6 Kd8 39.Be4 Rxb6 40.Bxf5 Rf6 41.Bd3
Rf4+ 42.Kc5 Rxh4 {#R} 0-1

[Event "Ch France"]
[Site "masterchessopen.com France"]
[Round "5"]
[White "Haik Aldo (FRA)"]
[Black "Lecuyer Christian (FRA)"]
[Result "1-0"]
[WhiteElo "2390"]
[BlackElo "2182"]

1.d4 Nf6 2.c4 e6 3.Nc3 Bb4 4.Qc2 d5 5.cxd5 exd5 6.Bg5 c6 7.e3 Nbd7 8.Bd3 h6
9.Bh4 Nf8 10.Ne2 Ne6 11.O-O-O Be7 12.f3 O-O 13.g4 b5 14.Bg3 c5 15.Bxb5 cxd4
16.exd4 Qb6 17.h4 Bb4 18.Qa4 a5 19.Be5 Nc7 20.g5 Nh5 21.Bd3 Bd7 {#r} 1-0

[Event "It (cat.14)"]
[Site "masterchessopen.com Niksic (Yugoslavia)"]
[Round "0"]
[White "Seirawan Yasser (USA)"]
[Black "Tal Mikhail N (LAT)"]
[Result "1-0"]
[WhiteElo "2605"]
[BlackElo "2620"]

1.d4 Nf6 2.c4 e6 3.Nc3 Bb4 4.Qc2 d5 5.cxd5 exd5 6.Bg5 h6 7.Bxf6 Qxf6 8.a3
Bxc3+ 9.Qxc3 O-O 10.e3 Bf5 11.Ne2 Rc8 12.Ng3 Be6 13.b4 a5 14.Be2 axb4 15.axb4
Rxa1+ 16.Qxa1 Qe7 17.Qc3 Nc6 18.b5 Nd8 19.O-O c6 20.bxc6 bxc6 21.Rc1 Bd7
22.Qa5 Kf8 23.Qa7 Be6 24.Qb6 Qc7 25.Qb1 Kg8 26.Bd3 Qe7 27.Qc2 Bd7 28.Bh7+ Kh8
29.Bf5 Bxf5 30.Nxf5 Qd7 31.Nh4 Ne6 32.Qf5 c5 33.dxc5 Qe7 34.g3 Qd7 35.c6 Rxc6
36.Rxc6 Qxc6 37.Qxf7 Ng5 38.Qf5 Qf6 39.Qxf6 gxf6 40.Nf5 Kh7 41.h4 {#r} 1-0

[Event "Tournament"]
[Site "masterchessopen.com Athens (Greece)"]
[Round "0"]
[White "Botsari Anna-Maria (GRE)"]
[Black "Kasioura Froso (GRE)"]
[Result "1-0"]
[WhiteElo "2313"]
[BlackElo "2014"]

1.d4 Nf6 2.c4 e6 3.Nc3 Bb4 4.Qc2 d5 5.cxd5 exd5 6.Bg5 c6 7.e3 h6 8.Bh4 g5
9.Bg3 Ne4 10.Bd3 Nxg3 11.hxg3 Be6 12.Nf3 Nd7 13.a3 Bxc3+ 14.bxc3 f6 15.Bg6+
Bf7 16.Bxf7+ Kxf7 17.Qf5 Qe7 18.Rh5 Qe6 19.Rxg5 Qxf5 20.Rxf5 Ke6 21.Rh5 b6
22.Kd2 c5 23.Rah1 a5 24.Rxh6 Rhg8 25.Rb1 a4 26.dxc5 bxc5 27.Rhh1 Ra6 28.Kd3
Rg4 29.Rb5 Kd6 30.Rh4 Rg6 31.c4 Kc6 32.Rb1 Nb6 33.cxd5+ Kxd5 34.Nd2 Kc6 35.Re4
f5 36.Rf4 Rd6+ 37.Kc2 Rd5 38.g4 fxg4 39.Rxg4 Rd6 40.Rg5 Rf6 41.Ne4 Rh6
42.Rxc5+ Kd7 43.Rd1+ Ke8 44.Rd6 {#r} 1-0

[Event "It (open)"]
[Site "masterchessopen.com New York (USA)"]
[Round "0"]
[White "Hulak Krunoslav (CRO)"]
[Black "Djuric Stefan (SRB)"]
[Result "0-1"]
[WhiteElo "2540"]
[BlackElo "2465"]

1.d4 Nf6 2.c4 e6 3.Nc3 Bb4 4.Qc2 d5 5.cxd5 exd5 6.Bg5 h6 7.Bxf6 Qxf6 8.e3 O-O
9.a3 Bf5 10.Bd3 Bxd3 11.Qxd3 Bxc3+ 12.bxc3 Nd7 13.Nf3 c5 14.O-O Rac8 15.a4 Qe7
16.Rfb1 Nf6 17.Nd2 Rfd8 18.Rb2 Rd6 19.Rab1 b6 20.a5 bxa5 21.Rb7 Rd7 22.R7b5
cxd4 23.cxd4 a4 24.Ra5 Ne4 25.Nxe4 dxe4 26.Qa6 Rdc7 27.Rf1 Rc1 28.Rxa4 Rxf1+
29.Kxf1 Rc3 30.g3 Qd7 31.Ra1 Rd3 32.Qb5 Kh7 33.Qb8 a5 34.Rxa5 Rd1+ 35.Kg2 Qc6
36.Qf4 Qc4 37.Qxe4+ g6 38.Ra7 Re1 39.Qe5 Qf1+ 40.Kf3 Qe2+ 41.Ke4 Qxf2 42.Qf4
Rxe3+ 43.Kd5 Qg2+ {#R} 0-1

[Event "?"]
[Site "masterchessopen.com Barcelona (Spain)"]
[Round "0"]
[White "Eslon Jaan (SWE)"]
[Black "Garcia Ilundain David (ESP)"]
[Result "1-0"]
[WhiteElo "2356"]
[BlackElo "2440"]

1.d4 Nf6 2.c4 e6 3.Nc3 Bb4 4.Qc2 d5 5.cxd5 exd5 6.Bg5 h6 7.Bxf6 Qxf6 8.a3
Bxc3+ 9.Qxc3 O-O 10.e3 Bf5 11.Ne2 Rc8 12.Ng3 c5 13.Nxf5 Qxf5 14.dxc5 b6 15.Bd3
Qg4 16.O-O bxc5 17.Qc2 Rc7 18.Rad1 g6 19.Be2 Qe6 20.Bf3 Rd7 21.Qxc5 Na6 22.Qd4
Rad8 23.Bg4 f5 24.Be2 Nb8 25.Rc1 Nc6 26.Qa4 Ne5 27.Rfd1 g5 28.Bf1 f4 29.exf4
gxf4 30.Qxf4 Rf8 31.Qd4 Qf6 32.Rc3 Rdf7 33.Rg3+ Kh8 34.Rd2 h5 35.h4 Rg7
36.Rxg7 Qxg7 37.Be2 Rc8 38.f4 Rc1+ 39.Kh2 Rc2 40.fxe5 {#r} 1-0

[Event "It (open)"]
[Site "masterchessopen.com Boston (USA)"]
[Round "0"]
[White "Waxman Joseph L (USA)"]
[Black "Shtern Igor (USA)"]
[Result "0-1"]
[WhiteElo "2223"]
[BlackElo "2304"]

1.d4 Nf6 2.c4 e6 3.Nc3 Bb4 4.Qc2 d5 5.cxd5 exd5 6.Bg5 Be7 7.e3 c6 8.Bd3 Nbd7
9.Nge2 Nf8 10.O-O-O Ne6 11.Bh4 b5 12.f3 Bd7 13.Kb1 a5 14.Bxf6 Bxf6 15.e4 Rc8
16.exd5 cxd5 17.Qb3 Nc7 18.Nxd5 a4 19.Nxf6+ Qxf6 20.Qa3 Na6 21.Be4 b4 22.Qe3
O-O 23.Qf4 Qb6 24.Qh4 f5 25.Bd3 Nc7 26.Rc1 a3 27.b3 Bb5 28.Bc4+ Bxc4 29.Rxc4
Nd5 30.Rcc1 Rce8 31.Qf2 Qb5 32.Ng3 Qd3+ 33.Qc2 Nc3+ 34.Ka1 Qxd4 {#R} 0-1

[Event "Ch Argentina"]
[Site "masterchessopen.com Buenos Aires (Argentina)"]
[Round "0"]
[White "Rubinetti Jorge (ARG)"]
[Black "Casafus Ruben (ARG)"]
[Result "1-0"]
[WhiteElo "2382"]
[BlackElo "2338"]

1.d4 Nf6 2.c4 e6 3.Nc3 Bb4 4.Qc2 d5 5.cxd5 exd5 6.Bg5 h6 7.Bxf6 Qxf6 8.a3
Bxc3+ 9.Qxc3 O-O 10.e3 Bf5 11.Rc1 Rc8 12.Ne2 Nd7 13.Ng3 c5 14.Nxf5 Qxf5 15.Bd3
Qg5 16.O-O c4 17.Bb1 b5 18.Qa5 a6 19.Rfe1 Qd8 20.Qd2 Qb6 21.f3 Rd8 22.Rcd1 a5
23.Kh1 Ra7 24.Bf5 Nb8 25.e4 Qf6 26.Bh3 dxe4 27.fxe4 Nc6 28.e5 Qh4 29.d5 Re7
30.e6 fxe6 31.d6 Ree8 32.d7 Rf8 33.Qd6 Nb8 34.Qxe6+ Kh8 35.Qd5 b4 36.Qc5 c3
37.bxc3 bxc3 38.Qxc3 Qa4 39.Qd3 Nc6 40.Re4 {#r} 1-0

[Event "It (cat.15)"]
[Site "masterchessopen.com Belgrade (Yugoslavia)"]
[Round "0"]
[White "Kasparov Garry (RUS)"]
[Black "Nikolic Predrag (BIH)"]
[Result "1-0"]
[WhiteElo "2775"]
[BlackElo "2600"]

1.d4 Nf6 2.c4 e6 3.Nc3 Bb4 4.Qc2 d5 5.cxd5 exd5 6.Bg5 h6 7.Bh4 g5 8.Bg3 Ne4
9.e3 c6 10.Bd3 Nxg3 11.hxg3 Be6 12.a3 Bf8 13.f4 gxf4 14.gxf4 Bg4 15.Bf5 Bxf5
16.Qxf5 Nd7 17.e4 Qf6 18.Qxf6 Nxf6 19.e5 Nd7 20.Nge2 Rg8 21.Kf2 Nb6 22.b3 Kd7
23.Ng3 Rc8 24.Kf3 c5 25.dxc5 Rxc5 26.Nce2 Rc6 27.Rhc1 Rxc1 28.Rxc1 Bxa3 29.Ra1
Bc5 30.Nf5 Ra8 31.Nxh6 Ke6 32.g4 a5 33.Rc1 Nd7 34.Nc3 Ra6 35.Re1 d4 36.f5+ Ke7
37.Nd5+ Kf8 38.e6 fxe6 39.fxe6 Nb8 40.Nf5 Nc6 {#r} 1-0

[Event "Ch OWL"]
[Site "masterchessopen.com Helmern (Germany)"]
[Round "10"]
[White "Krallmann Matthias (GER)"]
[Black "Peters Stephen G (ENG)"]
[Result "1-0"]
[WhiteElo "2252"]
[BlackElo "2181"]

1.d4 Nf6 2.c4 e6 3.Nc3 Bb4 4.Qc2 d5 5.cxd5 exd5 6.Bg5 O-O 7.e3 c6 8.Bd3 h6
9.Bh4 Be6 10.Ne2 Nbd7 11.a3 Bd6 12.O-O Bxh2+ 13.Kh1 Bd6 14.b4 a6 15.f3 Qc7
16.e4 g5 17.Bf2 Be7 18.e5 Nh5 19.g4 Nf4 20.Bf5 Nxe2 21.Nxe2 Kg7 22.Ng3 Rh8
23.Nh5+ Kg8 24.Bxe6 {#r} 1-0

[Event "Ch Moscow (I liga)"]
[Site "masterchessopen.com Moscow (Russia)"]
[Round "0"]
[White "Glek Igor V (GER)"]
[Black "Yuferov Sergey N (RUS)"]
[Result "1-0"]
[WhiteElo "2505"]
[BlackElo "2445"]

1.d4 Nf6 2.c4 e6 3.Nc3 Bb4 4.Qc2 d5 5.cxd5 exd5 6.Bg5 h6 7.Bh4 { !? } 7...c5
8.dxc5 Nc6 9.e3 g5 10.Bg3 Qa5 11.Nf3 Ne4 12.Nd2 { ! } 12...Nxc3 13.bxc3 Bxc3
14.Rb1 { !? } ( 14.Rc1 Bb4 15.Bd3 O-O { ? } ) 14...a6 { ?! } ( 14...Bf5
15.Qxf5 Bxd2+ 16.Kd1 { ± } ) ( 14...Qxc5 15.Rb5 { ± } ) ( 14...Bb4 { !? }
15.Bd6 b6 { !? } ( 15...Be6 16.Be2 O-O-O ( 16...d4 17.O-O { !? } 17...Bxd2
18.Rxb7 { ? } ) 17.a3 { ! } 17...Qxa3 18.O-O { ! } 18...Qc3 19.Qa4 { ! }
19...Qa3 ( 19...Qxd2 { ?! } 20.Ba6 { ! } 20...Rxd6 ( 20...Bd7 21.Qb5 { ! }
21...Na5 22.Qxa5 { ! } ) 21.cxd6 Bd7 22.Rfd1 { ! } 22...Qc3 23.Rdc1 { +?? } )
20.Qd1 { ? } ) 16.h4 { !? } 16...g4 17.a3 { ! } 17...Qxa3 ( 17...Bxd2+ 18.Qxd2
{ ± } ) 18.Bb5 Bd7 19.O-O { ? } ) 15.Bd6 { ± } 15...Be5 16.Bxe5 Nxe5 17.Be2
O-O 18.O-O Qc7 19.Rb6 Nc6 20.Nf3 Re8 21.Rfb1 Qe7 22.Bd3 Qf6 23.Nd4 { ! }
23...Nxd4 24.exd4 Qxd4 ( 24...Be6 25.Qc3 ) 25.Rxh6 Re6 26.Qd2 { ! } 26...Qf4 (
26...Qg7 27.Rh5 Re5 28.h4 { +?? } ) 27.Qxf4 gxf4 28.Rh5 { ! +?? } 28...Rf6
29.Rxd5 Be6 30.Rg5+ Kf8 31.Rxb7 { ?! } ( 31.Bh7 { ! } ) 31...Rd8 { ? } 32.Be2
Rd2 33.Bf3 Rxa2 34.h4 { ! } 34...Rc2 35.c6 Rf5 36.Rxf5 Bxf5 37.Rb4 Be6 38.Rxf4
a5 39.Ra4 Rc5 40.Ra3 Kg7 41.g4 Kf6 42.Kg2 Ke7 43.Kg3 f6 44.h5 Kf7 45.Re3 { ! }
45...a4 46.h6 Re5 47.Rxe5 fxe5 48.c7 { } ( 48.c7 Kg6 49.g5 a3 50.Be4+ Kxg5
51.h7 a2 52.h8=Q a1=Q 53.Qh4# { # } ) 1-0

[Event "Ch Moscow (I liga)"]
[Site "masterchessopen.com Moscow (Russia)"]
[Round "0"]
[White "Piskov Yury (RUS)"]
[Black "Losev Dmitry (RUS)"]
[Result "1-0"]
[WhiteElo "2400"]
[BlackElo "2326"]

1.d4 Nf6 2.c4 e6 3.Nc3 Bb4 4.Qc2 d5 5.cxd5 exd5 6.Bg5 O-O 7.e3 Re8 8.Bd3 h6
9.Bh4 c5 10.Ne2 c4 11.Bf5 Bxf5 12.Qxf5 Qd7 13.Qc2 Ne4 14.f3 Nxc3 15.bxc3 Rxe3
16.cxb4 Nc6 17.O-O Rae8 18.Nc3 Nxd4 19.Qf2 Nf5 20.Rac1 d4 21.Ne4 d3 22.Rfd1
Qd4 23.Bg3 Nxg3 24.Nxg3 Qd5 25.Ne4 Re2 26.Qxe2 {#r} 1-0

[Event "It (open)"]
[Site "masterchessopen.com Novi Sad (Yugoslavia)"]
[Round "0"]
[White "Lindstedt Johan (FIN)"]
[Black "Mitkov Nikola (MKD)"]
[Result "1-0"]
[WhiteElo "2243"]
[BlackElo "2523"]

1.d4 Nf6 2.c4 e6 3.Nc3 Bb4 4.Qc2 d5 5.cxd5 exd5 6.Bg5 h6 7.Bxf6 Qxf6 8.a3
Bxc3+ 9.Qxc3 c6 10.e3 O-O 11.Nf3 Bf5 12.Be2 Nd7 13.O-O Be4 14.Nd2 Qg6 15.Nxe4
dxe4 16.Rac1 Kh8 17.Qb4 b6 18.Qa4 Rfc8 19.Rc3 Qd6 20.Rfc1 c5 21.b4 Rc7 22.Bb5
Rac8 23.Bxd7 Qxd7 24.Qxd7 Rxd7 25.bxc5 bxc5 26.Rxc5 Rxc5 27.Rxc5 Kg8 28.Re5
Kf8 29.Rxe4 Rc7 30.g3 Rc1+ 31.Kg2 Ra1 32.Re5 Rxa3 33.Rb5 a5 34.Rb7 a4 35.g4
Ra1 36.Ra7 a3 37.Kf3 a2 38.h4 Ke8 39.h5 Kd8 40.Kf4 Kc8 41.Kf5 Kb8 42.Ra3 Kb7
43.e4 Kb6 44.d5 Kc5 45.Ra8 Kb4 46.e5 Kb3 47.e6 fxe6+ 48.dxe6 Rf1 49.Kg6 {#r}
1-0

[Event "It"]
[Site "masterchessopen.com Terrasa (Spain)"]
[Round "0"]
[White "Rodriguez Orestes (ESP)"]
[Black "Campos Jose Felix (ARG)"]
[Result "1-0"]
[WhiteElo "2403"]
[BlackElo "2163"]

1.d4 e6 2.c4 Nf6 3.Nc3 Bb4 4.Qc2 d5 5.cxd5 exd5 6.a3 Bxc3+ 7.Qxc3 Ne4 8.Qc2
Bf5 9.Qd1 c5 10.dxc5 Nc6 11.Nf3 Qa5+ 12.Bd2 Qxc5 13.Be3 d4 14.Bd2 O-O 15.g3
Rad8 16.Bg2 d3 17.Be3 Qa5+ 18.b4 Qb5 19.exd3 Rxd3 20.Qe2 Rxa3 21.Qxb5 Rxa1+
22.Ke2 Nc3+ 23.Kd2 Nxb5 24.Rxa1 Rd8+ 25.Kc1 Nxb4 26.Nh4 Bg4 27.Kb2 Nc6 28.Nf3
Be6 29.Bf1 a6 30.Nd2 Ne5 31.Ne4 Nc4+ 32.Bxc4 Bxc4 33.Nc5 Nd6 34.Bf4 Bb5 35.Kb3
Nf5 36.Nxb7 h6 37.Nxd8 {#r} 1-0

[Event "Ch URS (qual)"]
[Site "masterchessopen.com Ashkhabad (Turkmenistan)"]
[Round "16"]
[White "Kakageldyev Amanmurad (TKM)"]
[Black "Yemelin Vasily (RUS)"]
[Result "1-0"]
[WhiteElo "2388"]
[BlackElo "2568"]

1.d4 Nf6 2.c4 e6 3.Nc3 Bb4 4.Qc2 d5 5.cxd5 exd5 6.Bg5 h6 7.Bxf6 Qxf6 8.a3
Bxc3+ 9.Qxc3 O-O 10.e3 Bf5 11.Ne2 Rc8 12.Ng3 Bg6 13.Be2 c5 14.b4 c4 15.O-O Nd7
16.f4 Bf5 17.h3 Rd8 18.Rae1 Qe6 19.e4 Bxe4 20.Nxe4 dxe4 21.Bxc4 Qe7 22.Qe3 Nf6
23.g4 Rac8 24.Ba2 Qd6 25.g5 Nd5 26.Bxd5 Qxd5 27.Qxe4 hxg5 28.Qxd5 Rxd5 29.Re7
Rc3 30.Kg2 Rxa3 31.Rxb7 Rf5 32.Rf3 Rxf3 33.Kxf3 Rxf4+ 34.Ke3 Rh4 35.d5 Rxh3+
36.Ke4 Rh1 37.Rxa7 g4 38.b5 g3 39.Kf3 Rb1 40.d6 Rb3+ 41.Kg2 Rb2+ 42.Kxg3 Rb3+
43.Kf2 Rb2+ 44.Ke3 Rb3+ 45.Kd4 Rb1 46.Ra3 Rxb5 47.Ra8+ Kh7 48.d7 Rb1 49.d8=Q
{#r} 1-0

[Event "It (open)"]
[Site "masterchessopen.com Cannes (France)"]
[Round "0"]
[White "Falchetta Giovanni (ITA)"]
[Black "Pinkus Lutz (GER)"]
[Result "0-1"]
[WhiteElo "2202"]
[BlackElo "2170"]

1.d4 e6 2.c4 Nf6 3.Nc3 Bb4 4.Qc2 d5 5.cxd5 exd5 6.Bg5 c6 7.e3 O-O 8.Bd3 h6
9.Bh4 Nbd7 10.Ne2 Re8 11.O-O Nf8 12.a3 Be7 13.b4 Bg4 14.b5 cxb5 15.Bxb5 Bd7
16.Bxf6 Bxf6 17.Bxd7 Qxd7 18.Qb3 Rec8 19.Nxd5 Bd8 20.Rab1 Rab8 21.Rfc1 Rxc1+
22.Rxc1 Ng6 23.Ndf4 Ne7 24.Nd3 Nc6 25.Nc5 Qe7 26.Nf4 Na5 27.Qd3 Rc8 28.Nb3
Rxc1+ 29.Nxc1 Qd6 30.Qc3 Bc7 31.g3 b5 32.Ncd3 Nc4 33.Nc5 Qc6 34.Nfd3 Qf3
35.Qc1 h5 36.a4 h4 37.axb5 h3 38.Qf1 Nd2 39.Ne1 Qd1 {#R} 0-1

[Event "Ch Austria (1/2 final)"]
[Site "masterchessopen.com Finkenstein (Austria)"]
[Round "0"]
[White "Higatsberger Michael (AUT)"]
[Black "Jochinger Ferdinand (AUT)"]
[Result "1-0"]
[WhiteElo "2126"]
[BlackElo "2075"]

1.c4 Nf6 2.Nc3 e6 3.d4 Bb4 4.Qc2 d5 5.cxd5 exd5 6.Bg5 c6 7.a3 Be7 8.e3 h6
9.Bxf6 Bxf6 10.Bd3 O-O 11.Nge2 Re8 12.O-O b6 13.b4 a5 14.b5 c5 15.Rac1 c4
16.Bh7+ Kh8 17.Bf5 Be6 18.Nf4 Qd6 19.Rfd1 Bg5 20.Bxe6 fxe6 21.Ng6+ Kg8 22.a4
Nd7 23.f4 Bd8 24.Kh1 Bc7 25.Rf1 Nf8 26.Ne5 Nd7 27.e4 Nxe5 28.fxe5 Qd7 29.exd5
exd5 30.Rf5 Rad8 31.Rcf1 Qe7 32.Qf2 Qb4 33.Qf3 Bxe5 34.dxe5 d4 35.Nd5 Qd2
36.Nf6+ gxf6 37.exf6 Kf8 38.Qb7 {#r} 1-0

[Event "Bundesliga 1990/91"]
[Site "masterchessopen.com Germany"]
[Round "0"]
[White "Tomaszewski Roman (POL)"]
[Black "Rodewis Thomas (GER)"]
[Result "1-0"]
[WhiteElo "2332"]
[BlackElo "2337"]

1.d4 Nf6 2.c4 e6 3.Nc3 Bb4 4.Qc2 d5 5.cxd5 exd5 6.Bg5 h6 7.Bxf6 Qxf6 8.a3
Bxc3+ 9.Qxc3 O-O 10.Nf3 Nc6 11.b4 a6 12.e3 Bd7 13.Be2 Rfc8 14.Qc5 Qd6 15.Qc3
Ne7 16.Ne5 Bb5 17.Bg4 Rf8 18.a4 f6 19.axb5 fxe5 20.dxe5 Qg6 21.Bh3 axb5 22.O-O
Nc6 23.Rxa8 Rxa8 24.Qc5 Qe4 25.Qxb5 Qxb4 26.Qxd5+ Kh8 27.Qd7 Qe7 28.Qxe7 Nxe7
29.Rd1 c5 30.g3 c4 31.Bg2 Rc8 32.Bxb7 Rc7 33.Rd8+ Kh7 34.Be4+ g6 35.Rd1 Kg7
36.f4 c3 37.Kf2 Nc8 38.Rb1 Rc4 39.Bd3 Rc7 40.Ke2 Na7 41.Kd1 g5 42.Kc2 gxf4
{#r} 1-0

[Event "It (open)"]
[Site "masterchessopen.com Kecskemet (Hungary)"]
[Round "0"]
[White "Effert Kai (GER)"]
[Black "Delanoy Arnaud (FRA)"]
[Result "0-1"]
[WhiteElo "2275"]
[BlackElo "2211"]

1.d4 e6 2.c4 Nf6 3.Nc3 Bb4 4.Qc2 d5 5.cxd5 exd5 6.Bg5 h6 7.Bxf6 Qxf6 8.a3
Bxc3+ 9.Qxc3 O-O 10.e3 Bf5 11.Ne2 Nd7 12.Ng3 c5 13.Nxf5 Qxf5 14.dxc5 d4
15.Qxd4 Nxc5 16.g4 Qf3 17.Rg1 Ne4 18.Rg2 Rad8 19.Qe5 Nd2 20.Qf5 Qc6 21.Rg3 Ne4
22.Rg2 Nd2 23.Rg3 Qh1 24.Ke2 Nb3 25.Rb1 Rfe8 26.Qf4 Qd5 27.Rg1 Nd4+ 28.Ke1
Nf3+ {#R} 0-1